|
|
|
|
| LEADER |
00000nam a22000007a 4500 |
| 005 |
20141016000619.0 |
| 007 |
cr|||| |||| |
| 008 |
141016s2014 cu |||||s|||| 00||0 spa d |
| 020 |
|
|
|a 978-959-7219-18-7
|
| 035 |
|
|
|a 12455
|
| 040 |
|
|
|a vLex
|
| 090 |
|
|
|c 5226
|d 5226
|
| 100 |
1 |
|
|a Matilla Correa, Andry
|
| 245 |
1 |
0 |
|a Cuestiones histr̤ico-jurd̕icas
|h [Recurso electrn̤ico] :
|b I Jornada Nacional de Historia del Derecho /
|c Andry Matilla Correa
|
| 256 |
|
|
|a Servicio en ln̕ea
|
| 260 |
|
|
|a La Habana:
|b Unin̤ Nacional de Juristas de Cuba,
|c 2014
|
| 300 |
|
|
|a 1 recurso electrn̤ico
|
| 506 |
1 |
|
|a Disponible solo en los productos indicados
|d vLex Global
|d vLex Global (Academic Edition, excluding Law Schools)
|d vLex Global (U.S. Academic Edition, Law Schools)
|d vLex Global (U.S. Academic Edition, excluding Law Schools)
|d vLex Global (Academic Edition, Law Schools)
|
| 650 |
0 |
4 |
|a Historia del Derecho
|z Cuba
|
| 740 |
0 |
|
|a vLex Libros (Servicio en ln̕ea)
|
| 856 |
4 |
0 |
|u http://vlex.com/source/cuestiones-historico-juridicas-i-jornada-nacional-historia-derecho-12455
|z Acceso restringido
|
| 942 |
|
|
|c BOOK
|
| 999 |
0 |
|
|a History of Law
|